| 000 | 00991nam a22003737a 4500 | ||
|---|---|---|---|
| 001 | BR7503873 | ||
| 003 | BR-BrBNA | ||
| 005 | 20230928084833.0 | ||
| 007 | ta | ||
| 008 | 230509b bl.||||| |||| 00| 0 por d | ||
| 040 |
_aBR-BrBNA _bpor _cBiblioteca Nacional de Agricultura |
||
| 041 | _a(Por) | ||
| 072 |
_aP32; E11; E50 _b/G514 |
||
| 090 | _ P32 BR7503873 | ||
| 110 | 1 |
_aFundacao Instituto Brasileiro de Geografia e Estatistica, Rio de Janeiro, RJ (Brasil) _94928 |
|
| 245 | 1 | _aAtlas de Rondonia [Brasil] | |
| 260 | 3 |
_aRio de Janeiro, RJ (Brasil): _c1975. |
|
| 300 | _a45 p. | ||
| 500 | _a16 Maps, scale 1:2.500.000 | ||
| 650 | _aGEOLOGIA | ||
| 650 | _aGEOMORFOLOGIA | ||
| 650 | _aPEDOLOGIA | ||
| 650 | _aVEGETACAO | ||
| 650 | _aDEMOGRAFIA | ||
| 650 | _aCOLONIZACAO | ||
| 650 | _aINDUSTRIA | ||
| 650 | _aTRANSPORTE | ||
| 650 | _aCOMERCIO | ||
| 650 | _aEDUCACAO | ||
| 650 | _aMAPA | ||
| 650 | _aRONDONIA | ||
| 909 |
_a202309 _bLucia _c55 _dLucia Elande |
||
| 942 | _cBK | ||
| 999 |
_c21383 _d21383 |
||